[Event "Attica-ch U12"]
[Site "Athens"]
[Date "2008.01.06"]
[Round "6"]
[White "Michailidis, M."]
[Black "Drakakis, Georgios"]
[Result "0-1"]
[WhiteElo "1050"]
[BlackElo "1300"]
[PlyCount "120"]
[EventDate "2008.01.02"]
[EventType "swiss"]
[EventRounds "7"]
[EventCountry "GRE"]
[SourceTitle "EXT 2011"]
[Source "ChessBase"]
[SourceDate "2010.11.26"]
[SourceVersion "1"]
[SourceVersionDate "2010.11.26"]
[SourceQuality "1"]

1. e4 c5 2. Nf3 Nc6 3. Bb5 Nf6 4. Nc3 Nd4 5. Nxd4 cxd4 6. Ne2 Nxe4 7. d3 Nf6 8. Ba4 Qa5+ 9. c3 dxc3 10. bxc3 e6 11. Bd2 b5 12. Bb3 a6 13. 0-0 Be7 14. Nd4 0-0 15. Re1 Qb6 16. Be3 Qc7 17. Qc2 Ng4 18. Bd2 Qxh2+ 19. Kf1 Bb7 20. f3 Qh1+ 21. Ke2 Qxg2+ 22. Kd1 Bxf3+ 23. Nxf3 Qxf3+ 24. Kc1 Nf2 25. Re3 Ba3+ 26. Kb1 Qh1+ 27. Re1 Qc6 28. Bc1 Bxc1 29. Rxc1 Ng4 30. Kb2 a5 31. a3 Ne3 32. Qd2 Qg2 33. Qxg2 Nxg2 34. Rg1 Nf4 35. d4 d5 36. Bc2 Rab8 37. Rgf1 Nh5 38. Rh1 Nf6 39. Rh2 b4 40. cxb4 axb4 41. axb4 Rxb4+ 42. Kc3 Rc4+ 43. Kd3 Rfc8 44. Bb1 h6 45. Rc2 Rxc2 46. Bxc2 Ne4 47. Bd1 Nf2+ 48. Ke2 Nxd1 49. Rxd1 g5 50. Kf3 Kg7 51. Kg3 Kg6 52. Kf3 h5 53. Kg3 Rc3+ 54. Kg2 g4 55. Rf1 h4 56. Rh1 h3+ 57. Kh2 Kg5 58. Rf1 Rf3 59. Rxf3 gxf3 60. Kxh3 Kf4 0-1